Vasoaktív anyagok hatása a gyomor vérkeringésére és a gyomorsecretióra [Effects of vasoactive agents on gastric circulation and secretory activity]

Elmentve itt :
Bibliográfiai részletek
Szerzők: Sági István
Döbrönte Zoltán
Varró Vince
Dokumentumtípus: Cikk
Megjelent: 1976
Sorozat:KÍSÉRLETES ORVOSTUDOMÁNY 28 No. 5
Tárgyszavak:
mtmt:1436286
Online Access:http://publicatio.bibl.u-szeged.hu/33836
LEADER 00811nab a2200217 i 4500
001 publ33836
005 20250606094125.0
008 250606s1976 hu o 000 hun d
022 |a 0023-1878 
024 7 |a 1436286  |2 mtmt 
040 |a SZTE Publicatio Repozitórium  |b hun 
041 |a hun 
100 1 |a Sági István 
245 1 0 |a Vasoaktív anyagok hatása a gyomor vérkeringésére és a gyomorsecretióra [Effects of vasoactive agents on gastric circulation and secretory activity]  |h [elektronikus dokumentum] /  |c  Sági István 
260 |c 1976 
300 |a 529-535 
490 0 |a KÍSÉRLETES ORVOSTUDOMÁNY  |v 28 No. 5 
650 4 |a Klinikai orvostan 
700 0 1 |a Döbrönte Zoltán  |e aut 
700 0 1 |a Varró Vince  |e aut 
856 4 0 |u http://publicatio.bibl.u-szeged.hu/33836/7/aok_klny_534_76.pdf  |z Dokumentum-elérés